| 000 | 01019nam a22002417a 4500 | ||
|---|---|---|---|
| 003 | OSt | ||
| 005 | 20180910064109.0 | ||
| 008 | 180220b xxu||||| |||| 00| 0 spa d | ||
| 020 | _a9509714526 | ||
| 040 | _cPJ | ||
| 100 |
_9487 _aChiappini, Julio Oscar |
||
| 245 | 1 | 3 |
_aLa recusación con causa (art. 17, CPCN) / _cJulio Chiappini. |
| 260 |
_aBuenos Aires : _cLa Rocca, _b1994. |
||
| 300 |
_a117 p. _c23 cm. |
||
| 500 | _aNotas y citas bibliográficas a pie de algunas páginas. | ||
| 504 | _aBibliografía: p. 115-117. | ||
| 505 | _aContenido: Parentesco -- Intereses -- Pleito pendiente -- Relación de crédito -- Denuncia o querella -- Denunca por ley de enjuiciamiento -- Defensor de litigantes -- Prejuzgamiento -- Beneficios de importancia -- Amistad -- Enemistad, odio o resentimiento. | ||
| 650 | 0 |
_9267 _aDERECHO PROCESAL |
|
| 650 | 0 |
_9178 _aDERECHO CONSTITUCIONAL |
|
| 650 | 0 |
_92124 _aRECUSACIÓN Y EXCUSACIÓN |
|
| 650 | 0 |
_92125 _aRECUSACIÓN CON CAUSA |
|
| 942 |
_2udc _cLIB _h347.957 _iSAH |
||
| 999 |
_c1421 _d1421 |
||